Mi perro está engordando: (Registro nro. 30471)

Detalles MARC
000 -LÍDER
campo de control de longitud fija 01536nam a22002297a 4500
005 - FECHA Y HORA DE LA ÚLTIMA
campo de control 20231218173445.0
008 - ELEMENTOS DE DATOS DE LONGITUD FIJA - INFORMACIÓN GENERAL
campo de control de longitud fija 231218b |||||||| |||| 00| 0 eng d
020 ## - NÚMERO INTERNACIONAL NORMALIZADO DEL LIBRO
Número de libro estándar internacional 9788431540456
037 ## - FUENTE DE ADQUISICIÓN
Materials specified Donación
040 ## - FUENTE DE CATALOGACIÓN
Agencia de catalogación original CO-JMCR
Agencia de transcripción CO-JMCR
Agencia modificadora CO-JMCR
Convenciones de descripción rda
041 ## - CÓDIGO DE IDIOMA
Código de idioma del texto/pista de sonido o título independiente spa
082 ## - NÚMERO DE CLASIFICACIÓN DECIMAL DEWEY
Número de edición 23
Número de clasificación 636.70
Número de artículo D44p2
100 ## - ENTRADA PRINCIPAL - NOMBRE PERSONAL
Nombre personal Desachy, Florence
Término relativo Autor
9 (RLIN) 42365
245 ## - DECLARACIÓN DEL TÍTULO
Título Mi perro está engordando:
Resto del título ¡Hay solución! /
Declaración de responsabilidad, etc. Florence Desachy
260 ## - PUBLICACIÓN, DISTRIBUCIÓN, ETC.
Lugar de publicación, distribución, etc. Barcelona:
Nombre del editor, distribuidor, etc. Editorial de Vecchi,
Fecha de publicación, distribución, etc. 2009
300 ## - DESCRIPCIÓN FÍSICA
Medida 62 páginas
Dimensiones 20 cm
500 ## - NOTA GENERAL
Nota general Incluye cuestionarios de comportamiento
520 ## - RESUMEN, ETC.
Resumen, etc ¿Su perro come demasiado? ¿Está engordando mucho? ¿Ha enfermado? ¿Usted se siente totalmente superado por la situación? ¡Pues sepa que no es una fatalidad! Los trastornos del comportamiento se han convertido en una preocupación prioritaria de los dueños de perros. Los especialistas en comportamiento canino cada vez reciben más consultas, muchas de ellas de dueños desesperados, que no saben qué hacer con un perro mal educado, agresivo, ruidoso, dominante o que se escapa. Los libros de esta colección contemplan las patologías más frecuentes: le ayudarán a determinar cuál es el problema de comportamiento que afecta a su animal y le proporcionarán una serie de consejos prácticos para iniciar la reeducación eficaz y recuperar así una relación armoniosa con el perro.
650 ## - ENTRADA AÑADIDA DE ASUNTO - TÉRMINO TEMÁTICO
Fuente del encabezado o término JMCR
-- Salud en animales
Subdivisión general Veterinaria
9 (RLIN) 43060
650 ## - ENTRADA AÑADIDA DE ASUNTO - TÉRMINO TEMÁTICO
Fuente del encabezado o término JMCR
-- Alimentacion
Subdivisión general Mascotas
9 (RLIN) 43061
942 ## - ELEMENTOS DE ENTRADA AÑADIDOS (KOHA)
Source of classification or shelving scheme Dewey Decimal Classification
Tipo de artículo Koha Books
999 ## -
-- 30471
-- 16855
Existencias
Estado retirado